[Event "Manhem IM Swiss"]
[Site "?"]
[Date "1999.06.12"]
[Round "1"]
[White "Svensson, Bengt"]
[Black "Moberg, Karl Johan"]
[Result "1/2-1/2"]
[WhiteElo "2376"]
[BlackElo "2337"]
[PlyCount "50"]
[EventDate "1999.06.12"]
[EventRounds "9"]

1. e4 e5 2. Nf3 Nc6 3. Nc3 Nf6 4. Bb5 Bb4 5. O-O O-O 6. d3 d6 7. Bg5 Bxc3 8.
bxc3 h6 9. Bh4 Qe7 10. Bxc6 bxc6 11. Nd2 g5 12. Bg3 Bg4 13. f3 Be6 14. c4 c5
15. Rb1 Rfb8 16. Qc1 Rb6 17. Rb3 Nd7 18. Nb1 Nb8 19. Nc3 Nc6 20. Bf2 Kh7 21.
Qd2 Rab8 22. Nd5 Bxd5 23. cxd5 Nd4 24. Bxd4 cxd4 25. Rfb1 Kg7 1/2-1/2

[Event "Manhem IM Swiss"]
[Site "?"]
[Date "1999.06.12"]
[Round "1"]
[White "Berg, Emanuel"]
[Black "Sammalvuo, Tapani"]
[Result "1-0"]
[WhiteElo "2364"]
[BlackElo "2413"]
[PlyCount "67"]
[EventDate "1999.06.12"]
[EventRounds "9"]

1. e4 c5 2. Nf3 d6 3. d4 cxd4 4. Nxd4 Nf6 5. Nc3 a6 6. Be3 e5 7. Nb3 Be6 8. Qd2
b5 9. f3 Nbd7 10. a4 b4 11. Nd5 Bxd5 12. exd5 Nb6 13. Bxb6 Qxb6 14. a5 Qb7 15.
Bc4 Be7 16. Ra4 Rb8 17. Qd3 Ra8 18. Qd2 Rb8 19. Qd3 Ra8 20. Nc1 Bd8 21. Qd2 Rb8
22. Na2 Qc8 23. b3 Rb5 24. Nxb4 Rxa5 25. Nc6 Rxa4 26. bxa4 Nd7 27. O-O O-O 28.
Rb1 Nc5 29. a5 Qd7 30. Qe2 Kh8 31. Kh1 Qf5 32. Rb8 Qg5 33. f4 Qf6 34. fxe5 1-0

[Event "Manhem IM Swiss"]
[Site "?"]
[Date "1999.06.12"]
[Round "1"]
[White "Schneider, Stefan"]
[Black "Holmsten, Aleksei"]
[Result "0-1"]
[WhiteElo "2335"]
[BlackElo "2373"]
[PlyCount "66"]
[EventDate "1999.06.12"]
[EventRounds "9"]

1. d4 Nf6 2. c4 g6 3. Nc3 d5 4. cxd5 Nxd5 5. e4 Nxc3 6. bxc3 Bg7 7. Be3 O-O 8.
Qd2 c5 9. Nf3 Bg4 10. Ng5 cxd4 11. cxd4 Nc6 12. h3 Bd7 13. Be2 Rc8 14. O-O Qa5
15. Qxa5 Nxa5 16. Rac1 a6 17. Nf3 b5 18. Bg5 Rfe8 19. Rxc8 Rxc8 20. Bxe7 Re8
21. Bb4 Nc6 22. Bc3 Rxe4 23. Bd3 Re8 24. Rc1 Be6 25. Be4 Ne7 26. Bb7 Rb8 27.
Be4 Rc8 28. Bb7 Rc7 29. Bxa6 Bh6 30. Rc2 Nd5 31. Bxb5 Nxc3 32. Bd3 Bxa2 33. Be4
Bb1 0-1

[Event "Manhem IM Swiss"]
[Site "?"]
[Date "1999.06.12"]
[Round "1"]
[White "Ziegler, Ari"]
[Black "Bekker-Jensen, Simon"]
[Result "0-1"]
[WhiteElo "2402"]
[BlackElo "2360"]
[PlyCount "64"]
[EventDate "1999.06.12"]
[EventRounds "9"]

1. c4 Nf6 2. Nc3 g6 3. g3 Bg7 4. Bg2 O-O 5. Nf3 d6 6. O-O c6 7. d4 Na6 8. e4 e5
9. h3 Qb6 10. d5 Nc5 11. Ne1 cxd5 12. cxd5 a5 13. Nd3 Nfd7 14. Be3 Qa6 15. Nxc5
Nxc5 16. Re1 Bd7 17. Bf1 Qb6 18. Qd2 Rfc8 19. Rab1 a4 20. Kh2 Qb4 21. f3 f5 22.
exf5 gxf5 23. Bh6 Bf6 24. Bg5 Bg7 25. Be7 Qb6 26. Qg5 Kh8 27. Bf6 Rg8 28. Bxg7+
Rxg7 29. Qd2 Rag8 30. g4 Qd8 31. Qh6 Rg6 32. Qh5 Qf6 0-1

[Event "Manhem IM Swiss"]
[Site "?"]
[Date "1999.06.12"]
[Round "1"]
[White "Hagesaether, Pal Vegard"]
[Black "Wesslen, Ulf"]
[Result "1-0"]
[WhiteElo "2285"]
[BlackElo "2118"]
[PlyCount "93"]
[EventDate "1999.06.12"]
[EventRounds "9"]

1. c4 e5 2. g3 d6 3. Bg2 Nc6 4. Nc3 g6 5. Rb1 Nf6 6. d3 Bg7 7. Nf3 O-O 8. O-O
h6 9. b4 Be6 10. b5 Ne7 11. Nd2 Qc8 12. Re1 c6 13. bxc6 bxc6 14. Ba3 Qc7 15.
Qa4 Rfd8 16. Rb2 Rab8 17. Reb1 Rxb2 18. Rxb2 Rd7 19. Nb3 Qc8 20. Na5 c5 21. Rb7
Kh7 22. Nb5 e4 23. Rxd7 Bxd7 24. Qc2 Qa6 25. Qd2 exd3 26. exd3 Bxb5 27. cxb5
Qxb5 28. Nc4 Qa4 29. Bc1 d5 30. Nd6 Kg8 31. Qe3 Kf8 32. Qxc5 Qd1+ 33. Bf1 Ne8
34. Nc8 Qe1 35. Be3 Bf6 36. Nxe7 Bxe7 37. Bxh6+ Kg8 38. Qxd5 Nf6 39. Qd4 a5 40.
a4 Kh7 41. Bg5 Qe6 42. h3 Qf5 43. Be3 Nd5 44. Bd2 Nb4 45. Qe4 Qd7 46. Bc3 Qc7
47. Qe5 1-0

[Event "Manhem IM Swiss"]
[Site "?"]
[Date "1999.06.12"]
[Round "1"]
[White "Evertsson, Kristian"]
[Black "Bekker-Jensen, David"]
[Result "0-1"]
[WhiteElo "2080"]
[BlackElo "2263"]
[PlyCount "76"]
[EventDate "1999.06.12"]
[EventRounds "9"]

1. e4 c5 2. Nf3 d6 3. d4 Nf6 4. Nc3 cxd4 5. Nxd4 a6 6. Bg5 e6 7. f4 Nc6 8. Nxc6
bxc6 9. e5 h6 10. Bh4 g5 11. fxg5 Nd5 12. Ne4 Qb6 13. Bd3 hxg5 14. Bf2 Qxb2 15.
O-O Qxe5 16. Bg3 Qd4+ 17. Kh1 Ne3 18. Qf3 Nxf1 19. Rxf1 Be7 20. Nxd6+ Bxd6 21.
Qxc6+ Bd7 22. Qxa8+ Ke7 23. Bxd6+ Kxd6 24. Qxa6+ Ke7 25. Qa3+ Ke8 26. Qa8+ Ke7
27. Qf3 f5 28. Qg3 g4 29. Re1 Kf6 30. h3 gxh3 31. gxh3 Bc6+ 32. Kh2 Qc3 33. Qe3
Bd5 34. a4 Rg8 35. Rg1 Qc7+ 36. Rg3 Kf7 37. Qf2 Rb8 38. h4 Rb1 0-1

[Event "Manhem IM Swiss"]
[Site "?"]
[Date "1999.06.12"]
[Round "1"]
[White "Sakalauskas, Vaidas"]
[Black "Gullaksen, Eirik"]
[Result "0-1"]
[WhiteElo "2450"]
[BlackElo "2367"]
[PlyCount "68"]
[EventDate "1999.06.12"]
[EventRounds "9"]

1. d4 Nf6 2. c4 g6 3. Nc3 Bg7 4. e4 d6 5. h3 O-O 6. Bg5 Na6 7. Nf3 e5 8. d5 Qe8
9. g4 Nd7 10. Rg1 Kh8 11. Qd2 Ndc5 12. Be2 Bd7 13. h4 f5 14. gxf5 gxf5 15. Bh6
Bxh6 16. Qxh6 Qe7 17. O-O-O Nxe4 18. Nxe4 fxe4 19. Nd2 Rf4 20. Rg2 Rxh4 21. Qe3
Bf5 22. Rdg1 Bg6 23. f3 exf3 24. Nxf3 Rh3 25. Bf1 Qf8 26. Rxg6 Qxf3 27. Qg5
Qe3+ 28. Qxe3 Rxe3 29. Rf6 Rg8 30. Rh1 Reg3 31. Rfh6 R8g7 32. Kd2 Nc5 33. b4
Ne4+ 34. Kc2 Nf2 0-1

[Event "Manhem IM Swiss"]
[Site "?"]
[Date "1999.06.12"]
[Round "1"]
[White "Koehn, Peter"]
[Black "Westerinen, Heikki"]
[Result "1/2-1/2"]
[WhiteElo "2350"]
[BlackElo "2399"]
[PlyCount "58"]
[EventDate "1999.06.12"]
[EventRounds "9"]

1. e4 e6 2. d3 d5 3. Nd2 Nf6 4. Ngf3 Bc5 5. e5 Nfd7 6. g3 O-O 7. Bg2 f6 8. d4
Bb6 9. O-O c5 10. dxc5 Nxc5 11. b4 Ncd7 12. Bb2 Nxe5 13. Nxe5 fxe5 14. Bxe5 Nc6
15. Bb2 Bd4 16. Bxd4 Nxd4 17. c4 Bd7 18. Nb3 Nxb3 19. Qxb3 dxc4 20. Qxc4 Qb6
21. Qc5 Qxc5 22. bxc5 Rac8 23. Bxb7 Rxc5 24. Rfc1 Rxc1+ 25. Rxc1 Bb5 26. Rc7
Rf7 27. Rc8+ Rf8 28. f4 Rxc8 29. Bxc8 Kf7 1/2-1/2

[Event "Manhem IM Swiss"]
[Site "?"]
[Date "1999.06.12"]
[Round "1"]
[White "Christensen, Tobias"]
[Black "Grabliauskas, Virginijus"]
[Result "1-0"]
[WhiteElo "2370"]
[BlackElo "2455"]
[PlyCount "103"]
[EventDate "1999.06.12"]
[EventRounds "9"]

1. Nc3 d5 2. e4 d4 3. Nce2 g6 4. Ng3 h5 5. Bc4 h4 6. N3e2 Nc6 7. d3 Na5 8. Bb3
Nxb3 9. axb3 Bg7 10. h3 e5 11. f4 exf4 12. Bxf4 g5 13. Bd2 c6 14. Qc1 g4 15.
Bg5 f6 16. Bf4 Ne7 17. hxg4 Bxg4 18. Nf3 h3 19. Kf2 hxg2 20. Rxh8+ Bxh8 21. Qg1
Bxf3 22. Kxf3 f5 23. Ng3 fxe4+ 24. Nxe4 Ng6 25. Bg3 Qd5 26. Qxg2 Qh5+ 27. Kf2
Kd7 28. Rh1 Rf8+ 29. Kg1 Qd1+ 30. Kh2 Qg4 31. Qh3 Ne5 32. Kg2 b6 33. Nf2 Qxh3+
34. Rxh3 Nf7 35. Rh5 Rg8 36. Kf3 Ng5+ 37. Ke2 c5 38. Bf4 Ne6 39. Rd5+ Kc8 40.
Rf5 Nxf4+ 41. Rxf4 Kb7 42. Ng4 Re8+ 43. Kf3 Re1 44. Rf7+ Ka6 45. Rh7 Rf1+ 46.
Ke4 Bf6 47. Rf7 Re1+ 48. Kd5 Bh4 49. Ne5 Rc1 50. Nc6 Rxc2 51. Rxa7+ Kb5 52. Ra4
1-0

[Event "Manhem IM Swiss"]
[Site "?"]
[Date "1999.06.12"]
[Round "1"]
[White "Tetenkina, Irina"]
[Black "Polej, Vladimir"]
[Result "1/2-1/2"]
[WhiteElo "2085"]
[BlackElo "2386"]
[PlyCount "52"]
[EventDate "1999.06.12"]
[EventRounds "9"]

1. d4 d5 2. c4 c6 3. cxd5 cxd5 4. Nc3 Nf6 5. Nf3 Nc6 6. Bf4 Bf5 7. e3 e6 8. Bd3
Bxd3 9. Qxd3 Bd6 10. Bxd6 Qxd6 11. O-O Rc8 12. Nb5 Qe7 13. Ne5 a6 14. Nxc6 Rxc6
15. Nc3 O-O 16. Na4 Rfc8 17. Nc5 b6 18. Nxa6 Rc2 19. Qb3 Ne4 20. Nb4 Nd2 21.
Qa3 Nf3+ 22. gxf3 Qg5+ 23. Kh1 Qh5 24. e4 R8c3 25. bxc3 Qxf3+ 26. Kg1 Qg4+
1/2-1/2

[Event "Manhem IM Swiss"]
[Site "?"]
[Date "1999.06.13"]
[Round "2"]
[White "Bekker-Jensen, Simon"]
[Black "Christensen, Tobias"]
[Result "1/2-1/2"]
[WhiteElo "2360"]
[BlackElo "2370"]
[PlyCount "20"]
[EventDate "1999.06.12"]
[EventRounds "9"]

1. d4 g6 2. c4 Bg7 3. e4 d6 4. Nc3 f5 5. Nf3 fxe4 6. Nxe4 Nf6 7. Nxf6+ exf6 8.
Be3 O-O 9. Qd2 Nc6 10. Be2 d5 1/2-1/2

[Event "Manhem IM Swiss"]
[Site "?"]
[Date "1999.06.13"]
[Round "2"]
[White "Olausson, Claes-Goeran"]
[Black "Svensson, Bengt"]
[Result "1/2-1/2"]
[WhiteElo "2243"]
[BlackElo "2376"]
[PlyCount "24"]
[EventDate "1999.06.12"]
[EventRounds "9"]

1. c4 c5 2. Nf3 Nf6 3. Nc3 e6 4. g3 Nc6 5. Bg2 d5 6. cxd5 Nxd5 7. O-O Be7 8. d4
O-O 9. Nxd5 exd5 10. dxc5 Bxc5 11. b3 Bf5 12. Bb2 Be4 1/2-1/2

[Event "Manhem IM Swiss"]
[Site "?"]
[Date "1999.06.13"]
[Round "2"]
[White "Bekker-Jensen, David"]
[Black "Berg, Emanuel"]
[Result "0-1"]
[WhiteElo "2263"]
[BlackElo "2364"]
[PlyCount "124"]
[EventDate "1999.06.12"]
[EventRounds "9"]

1. d4 f5 2. g3 g6 3. Bg2 Nf6 4. Nh3 Bg7 5. Nf4 d6 6. Nc3 Nc6 7. d5 Ne5 8. h4 h6
9. Nb5 c5 10. dxc6 Qa5+ 11. Nc3 Rb8 12. cxb7 Bxb7 13. Bxb7 Rxb7 14. Ne6 Kf7 15.
Nxg7 Kxg7 16. O-O g5 17. hxg5 hxg5 18. Bxg5 Neg4 19. Qd2 f4 20. Qxf4 Rxb2 21.
Ne4 Nxe4 22. Qxg4 Nxg5 23. f4 Rxc2 24. Rf2 Rxa2 25. Raf1 Ra1 26. Qxg5+ Qxg5 27.
fxg5 Rxf1+ 28. Rxf1 a5 29. Ra1 Ra8 30. Ra4 Kg6 31. Kf2 Kxg5 32. Ke3 e6 33. Kd3
Kf5 34. Kc3 Ke5 35. Kb3 Kd5 36. Rg4 Rb8+ 37. Ka4 Kc5 38. Rg7 Rb2 39. e3 Ra2+
40. Kb3 Re2 41. Ka4 Rxe3 42. g4 Re1 43. g5 Ra1+ 44. Kb3 a4+ 45. Kb2 Rg1 46. g6
Kd5 47. Rg8 Ke5 48. g7 d5 49. Ka2 Kf6 50. Ra8 Rxg7 51. Rxa4 Ke5 52. Kb3 Rg3+
53. Kc2 d4 54. Kd2 Ke4 55. Ra6 e5 56. Rf6 Rg2+ 57. Kd1 d3 58. Rh6 Kd4 59. Rd6+
Ke3 60. Kc1 e4 61. Rd8 Rg1+ 62. Kb2 d2 0-1

[Event "Manhem IM Swiss"]
[Site "?"]
[Date "1999.06.13"]
[Round "2"]
[White "Gullaksen, Eirik"]
[Black "Lahlum, Hans-Olav"]
[Result "1/2-1/2"]
[WhiteElo "2367"]
[BlackElo "2218"]
[PlyCount "38"]
[EventDate "1999.06.12"]
[EventRounds "9"]

1. e4 e6 2. d4 d5 3. Nc3 Bb4 4. e5 c5 5. a3 Bxc3+ 6. bxc3 Qc7 7. Qg4 f6 8. Qg3
Nc6 9. Nf3 Qf7 10. a4 Nge7 11. h4 fxe5 12. Nxe5 Nxe5 13. Qxe5 O-O 14. Be3 Nc6
15. Qd6 c4 16. Kd2 e5 17. dxe5 Rd8 18. e6 Bxe6 19. Qf4 Qd7 1/2-1/2

[Event "Manhem IM Swiss"]
[Site "?"]
[Date "1999.06.13"]
[Round "2"]
[White "Moberg, Karl Johan"]
[Black "Leer-Salvesen, Bjarte"]
[Result "1/2-1/2"]
[WhiteElo "2337"]
[BlackElo "2255"]
[PlyCount "38"]
[EventDate "1999.06.12"]
[EventRounds "9"]

1. e4 e6 2. d4 d5 3. Nd2 Nf6 4. e5 Nfd7 5. c3 c5 6. Bd3 Nc6 7. Ne2 Qb6 8. Nf3
cxd4 9. cxd4 f6 10. exf6 Nxf6 11. O-O Bd6 12. b3 O-O 13. Bf4 Bxf4 14. Nxf4 Ne4
15. g3 Nxd4 16. Bxe4 dxe4 17. Nxd4 e5 18. Nd5 Qxd4 19. Qxd4 exd4 1/2-1/2

[Event "Manhem IM Swiss"]
[Site "?"]
[Date "1999.06.13"]
[Round "2"]
[White "Westerinen, Heikki"]
[Black "Olsson, Jonas"]
[Result "1-0"]
[WhiteElo "2399"]
[BlackElo "2238"]
[PlyCount "39"]
[EventDate "1999.06.12"]
[EventRounds "9"]

1. e4 c5 2. Nf3 d6 3. Bb5+ Nd7 4. c3 Ngf6 5. Qe2 a6 6. Ba4 b5 7. Bc2 Bb7 8. d4
g6 9. a4 Bg7 10. O-O O-O 11. Re1 Qc7 12. axb5 axb5 13. Rxa8 Rxa8 14. e5 dxe5
15. dxe5 Ng4 16. e6 Nde5 17. exf7+ Kxf7 18. Ng5+ Kg8 19. f4 h5 20. h3 1-0

[Event "Manhem IM Swiss"]
[Site "?"]
[Date "1999.06.13"]
[Round "2"]
[White "Wesslen, Ulf"]
[Black "Ziegler, Ari"]
[Result "0-1"]
[WhiteElo "2118"]
[BlackElo "2402"]
[PlyCount "48"]
[EventDate "1999.06.12"]
[EventRounds "9"]

1. Nf3 d5 2. e3 Nf6 3. b3 Bf5 4. Bb2 e6 5. Be2 h6 6. O-O Bd6 7. c4 O-O 8. Nc3
c6 9. d3 Qe7 10. a3 Nbd7 11. b4 Rfe8 12. Re1 Rad8 13. Rc1 dxc4 14. dxc4 Ne5 15.
Nd4 c5 16. Nxf5 exf5 17. Qa4 cxb4 18. axb4 Bxb4 19. Qxa7 f4 20. Qa1 fxe3 21.
fxe3 Nd3 22. Bxd3 Rxd3 23. e4 Bc5+ 24. Kh1 Ng4 0-1

[Event "Manhem IM Swiss"]
[Site "?"]
[Date "1999.06.13"]
[Round "2"]
[White "Grabliauskas, Virginijus"]
[Black "Evertsson, Kristian"]
[Result "1-0"]
[WhiteElo "2455"]
[BlackElo "2080"]
[PlyCount "53"]
[EventDate "1999.06.12"]
[EventRounds "9"]

1. d4 Nf6 2. c4 c5 3. d5 e6 4. Nc3 exd5 5. cxd5 d6 6. Nf3 g6 7. Nd2 Bg7 8. Nc4
O-O 9. Bf4 b6 10. Bxd6 Re8 11. Bg3 Ne4 12. Nxe4 Rxe4 13. e3 b5 14. Nd2 Rb4 15.
b3 c4 16. Rc1 cxb3 17. Nxb3 h5 18. Bc7 Qe8 19. Bd6 Bg4 20. Qd2 Ra4 21. h3 Bd7
22. Be2 Ra6 23. Bg3 Rb6 24. O-O a5 25. Bc7 Rf6 26. Bxa5 g5 27. Bc3 1-0

[Event "Manhem IM Swiss"]
[Site "?"]
[Date "1999.06.13"]
[Round "2"]
[White "Holmsten, Aleksei"]
[Black "Hagesaether, Pal Vegard"]
[Result "1/2-1/2"]
[WhiteElo "2373"]
[BlackElo "2285"]
[PlyCount "91"]
[EventDate "1999.06.12"]
[EventRounds "9"]

1. e4 c5 2. Nf3 d6 3. d4 cxd4 4. Nxd4 Nf6 5. Nc3 a6 6. f4 Nbd7 7. Bd3 g6 8. Be3
Bg7 9. O-O Qc7 10. Kh1 b5 11. a3 Bb7 12. Qe1 Nc5 13. Bg1 e5 14. Nf3 O-O 15. Qh4
Rae8 16. fxe5 dxe5 17. Ng5 h6 18. Nh3 Nh5 19. Be3 Ne6 20. Rad1 Nhf4 21. Nd5
Nxd5 22. exd5 Bxd5 23. Bxh6 Qe7 24. Bg5 Qb7 25. Rf2 f5 26. Rfd2 Bc6 27. Bf1 f4
28. Rd6 Rf5 29. Qg4 f3 30. Be3 Rf6 31. Kg1 fxg2 32. Bxg2 Bxg2 33. Qxg2 Qxg2+
34. Kxg2 Nf4+ 35. Bxf4 exf4 36. Rxf6 Bxf6 37. Nxf4 Bxb2 38. Rd6 g5 39. Nd3 Re2+
40. Kf3 Rxc2 41. Nxb2 Rxb2 42. Rxa6 Rxh2 43. Rg6+ Kf7 44. Rxg5 Rh3+ 45. Ke4
Rxa3 46. Rxb5 1/2-1/2

[Event "Manhem IM Swiss"]
[Site "?"]
[Date "1999.06.13"]
[Round "2"]
[White "Akesson, Joel"]
[Black "Koehn, Peter"]
[Result "1/2-1/2"]
[WhiteElo "2223"]
[BlackElo "2350"]
[PlyCount "105"]
[EventDate "1999.06.12"]
[EventRounds "9"]

1. c4 Nf6 2. d4 c5 3. d5 b5 4. cxb5 a6 5. b6 g6 6. Nc3 Qxb6 7. e4 d6 8. Be2 Bg7
9. Nf3 O-O 10. Nd2 Nbd7 11. O-O Qc7 12. Nc4 Nb6 13. Ne3 e6 14. a4 exd5 15. a5
d4 16. axb6 Qd8 17. e5 dxe5 18. Na4 e4 19. Ng4 Bxg4 20. Bxg4 c4 21. b7 Rb8 22.
Bc8 Qc7 23. Qd2 Nd7 24. Qg5 Rbxc8 25. bxc8=Q Rxc8 26. Bf4 Qc6 27. Rfe1 h6 28.
Qg3 g5 29. Bd2 f5 30. Qh3 Qb5 31. Qa3 Bf8 32. Qa2 Kh7 33. Qb1 Nf6 34. Qd1 Kg6
35. Bc1 Bb4 36. Rf1 Rd8 37. Nc3 Qb6 38. Na2 Bd6 39. Qa4 Qb5 40. Qxb5 axb5 41.
Rd1 b4 42. Rxd4 Bxh2+ 43. Kxh2 Rxd4 44. Be3 Ng4+ 45. Kg1 Nxe3 46. fxe3 Rd3 47.
Nxb4 Rxe3 48. Nd5 Re2 49. Rb1 e3 50. g3 Kf7 51. Kf1 Rf2+ 52. Kg1 f4 53. gxf4
1/2-1/2

[Event "Manhem IM Swiss"]
[Site "?"]
[Date "1999.06.14"]
[Round "3"]
[White "Lahlum, Hans-Olav"]
[Black "Holmsten, Aleksei"]
[Result "0-1"]
[WhiteElo "2218"]
[BlackElo "2373"]
[PlyCount "96"]
[EventDate "1999.06.12"]
[EventRounds "9"]

1. d4 Nf6 2. c4 g6 3. Nc3 d5 4. cxd5 Nxd5 5. e4 Nxc3 6. bxc3 Bg7 7. Nf3 O-O 8.
Be3 c5 9. Qd2 Bg4 10. Ng5 cxd4 11. cxd4 Nc6 12. h3 Bd7 13. Nf3 Rc8 14. Rb1 Na5
15. Be2 Nc4 16. Bxc4 Rxc4 17. O-O Qa8 18. Bh6 Rfc8 19. Bxg7 Kxg7 20. Ne5 R4c7
21. Rfc1 f6 22. Rxc7 Rxc7 23. Nxd7 Rxd7 24. d5 Qc8 25. Rc1 Rc7 26. Rxc7 Qxc7
27. Qd4 b5 28. a4 bxa4 29. Qxa4 Qc1+ 30. Kh2 Qc5 31. Kg1 a5 32. Kf1 Qc3 33. Ke2
f5 34. exf5 gxf5 35. Qa2 Kf6 36. f4 Qb4 37. Qa1+ Kf7 38. Qa2 Kf6 39. Qa1+ Kg6
40. Qe5 Qe4+ 41. Kd1 Qxe5 42. fxe5 f4 43. Kc2 Kf5 44. d6 exd6 45. exd6 Ke6 46.
Kb3 Kxd6 47. Ka4 Kc5 48. Kxa5 Kd4 0-1

[Event "Manhem IM Swiss"]
[Site "?"]
[Date "1999.06.14"]
[Round "3"]
[White "Svensson, Bengt"]
[Black "Akesson, Joel"]
[Result "1-0"]
[WhiteElo "2376"]
[BlackElo "2223"]
[PlyCount "81"]
[EventDate "1999.06.12"]
[EventRounds "9"]

1. e4 c6 2. d4 d5 3. Nc3 dxe4 4. Nxe4 Nd7 5. Ng5 Ndf6 6. Bc4 Nh6 7. N1f3 Bf5 8.
Qe2 e6 9. h3 Nd5 10. O-O Be7 11. Ne4 Bxe4 12. Qxe4 Nf5 13. Bb3 O-O 14. c3 Nf6
15. Qe2 Bd6 16. Bc2 Ne7 17. Bg5 Ng6 18. Ne5 Be7 19. Rad1 Nd5 20. Bc1 Qc7 21. c4
Nb6 22. b3 Rad8 23. Bb2 Nd7 24. g3 c5 25. Nxg6 hxg6 26. d5 e5 27. h4 Bd6 28. h5
gxh5 29. Qxh5 g6 30. Qh6 Rfe8 31. Bxg6 fxg6 32. Qxg6+ Kh8 33. Qh6+ Kg8 34. Qg6+
Kh8 35. Kg2 Nf8 36. Rh1+ Nh7 37. Rxh7+ Qxh7 38. Rh1 Qxh1+ 39. Kxh1 Re7 40. Kg2
Rdd7 41. f4 1-0

[Event "Manhem IM Swiss"]
[Site "?"]
[Date "1999.06.14"]
[Round "3"]
[White "Ziegler, Ari"]
[Black "Moberg, Karl Johan"]
[Result "1/2-1/2"]
[WhiteElo "2402"]
[BlackElo "2337"]
[PlyCount "95"]
[EventDate "1999.06.12"]
[EventRounds "9"]

1. d4 Nf6 2. c4 g6 3. g3 Bg7 4. Bg2 d5 5. cxd5 Nxd5 6. e4 Nb6 7. Ne2 O-O 8. O-O
c5 9. d5 e6 10. Nec3 Na6 11. a4 exd5 12. exd5 Bf5 13. Na3 Nb4 14. a5 Nd7 15. d6
Rb8 16. h4 Ne5 17. Bg5 Bf6 18. Nd5 Nxd5 19. Qxd5 Be6 20. Qd2 Nc6 21. Nb5 Bxg5
22. hxg5 Bc4 23. Bxc6 bxc6 24. Nc3 Bxf1 25. Kxf1 f6 26. Ne4 fxg5 27. Nxc5 Rf5
28. Ne4 Qe8 29. Re1 Qd7 30. Qc3 Rbf8 31. Re2 Qg7 32. Qc4+ Qf7 33. Qxc6 Qd5 34.
Qxd5+ Rxd5 35. b4 Kg7 36. Rc2 Re8 37. Rc7+ Kf8 38. f3 g4 39. d7 Rd8 40. Nc5
gxf3 41. Kf2 Ke7 42. Rxa7 Rd4 43. Kxf3 Rxb4 44. Rc7 Rc4 45. a6 Kd6 46. Rc8 Rxd7
47. Ne4+ Rxe4 48. Kxe4 1/2-1/2

[Event "Manhem IM Swiss"]
[Site "?"]
[Date "1999.06.14"]
[Round "3"]
[White "Schneider, Stefan"]
[Black "Grabliauskas, Virginijus"]
[Result "1-0"]
[WhiteElo "2335"]
[BlackElo "2455"]
[PlyCount "86"]
[EventDate "1999.06.12"]
[EventRounds "9"]

1. d4 g6 2. e4 Bg7 3. Nf3 d6 4. c3 Nf6 5. Bd3 O-O 6. O-O c6 7. Re1 Qc7 8. Nbd2
e5 9. Nc4 Nbd7 10. a4 b6 11. Bg5 h6 12. Bh4 Re8 13. Qc2 a6 14. b4 Bb7 15. Rad1
Re6 16. Qb1 Rae8 17. h3 Nh5 18. b5 cxb5 19. axb5 g5 20. d5 Rg6 21. Bg3 a5 22.
Nh2 Nf4 23. Ng4 Nxd3 24. Qxd3 Nc5 25. Qb1 Bc8 26. Nge3 g4 27. h4 Bf6 28. Nf5
Nxe4 29. Qxe4 Bxf5 30. Qxf5 Qxc4 31. h5 Rg5 32. Qxf6 Rxh5 33. Rd4 Qc8 34. Rde4
Qd7 35. Rc4 Kh7 36. Rc6 Rd8 37. Bh4 Rg8 38. Rxd6 Qe8 39. Qe7 g3 40. fxg3 Qxb5
41. Qxf7+ Rg7 42. Qxh5 Qc5+ 43. Kh2 Qxd6 1-0

[Event "Manhem IM Swiss"]
[Site "?"]
[Date "1999.06.14"]
[Round "3"]
[White "Hagesaether, Pal Vegard"]
[Black "Polej, Vladimir"]
[Result "1-0"]
[WhiteElo "2285"]
[BlackElo "2386"]
[PlyCount "107"]
[EventDate "1999.06.12"]
[EventRounds "9"]

1. c4 b6 2. Nf3 Bb7 3. g3 Bxf3 4. exf3 c5 5. d4 cxd4 6. Qxd4 Nc6 7. Qd2 e6 8.
Nc3 Rc8 9. Bg2 Qf6 10. f4 Bb4 11. O-O Na5 12. Rd1 Rc7 13. c5 Bxc3 14. bxc3 bxc5
15. Rb1 Qd8 16. c4 Rc8 17. Qc3 Ne7 18. Rb5 Nac6 19. Rxc5 O-O 20. Ba3 Re8 21. h4
Nb8 22. Rg5 Nf5 23. g4 h6 24. Rh5 Nxh4 25. Bb2 e5 26. Rxe5 Rxe5 27. Qxe5 Qf8
28. Bd5 Rxc4 29. Qh5 Rxf4 30. Qxh4 Qb4 31. Qd8+ Kh7 32. Be5 Nc6 33. Bxc6 Rxg4+
34. Bg3 dxc6 35. Qd7 Qc4 36. Qf5+ Rg6 37. Rd7 Qxa2 38. Qxf7 Qb1+ 39. Kh2 Rg5
40. Rd8 Qe4 41. Qg8+ Kg6 42. Rd6+ Kh5 43. Qf7+ g6 44. Re6 Qg4 45. Rxc6 Rf5 46.
Qxa7 Qe4 47. Ra6 Kg4 48. Rxg6+ Kh5 49. Ra6 Kg4 50. Rxh6 Kf3 51. Qa3+ Ke2 52.
Qb2+ Kf3 53. Rh4 Qd5 54. Qd4 1-0

[Event "Manhem IM Swiss"]
[Site "?"]
[Date "1999.06.14"]
[Round "3"]
[White "Berg, Emanuel"]
[Black "Westerinen, Heikki"]
[Result "1/2-1/2"]
[WhiteElo "2364"]
[BlackElo "2399"]
[PlyCount "121"]
[EventDate "1999.06.12"]
[EventRounds "9"]

1. e4 e6 2. d4 d5 3. Nc3 dxe4 4. Nxe4 Bd7 5. Nf3 Bc6 6. Bd3 Nd7 7. c4 Bxe4 8.
Bxe4 c6 9. O-O Ngf6 10. Bd3 Bd6 11. b3 O-O 12. Bb2 c5 13. Qe2 cxd4 14. Nxd4 Qb8
15. g3 Re8 16. Rad1 Bf8 17. Bb1 a6 18. Nf3 Qc7 19. Ng5 Rad8 20. Rd3 h6 21. Ne4
Nxe4 22. Qxe4 Nc5 23. Qh7+ Kxh7 24. Rxd8+ g6 25. Rxe8 Bg7 26. Bxg7 Kxg7 27. Rd1
Qe5 28. Kg2 Qb2 29. Red8 a5 30. R8d2 Qc3 31. Rc2 Qb4 32. Re2 a4 33. Re3 axb3
34. axb3 Nxb3 35. Bxg6 Qxc4 36. Bh5 Nc5 37. Rf3 f5 38. Rf4 Qb5 39. Rfd4 b6 40.
Rd8 Qb2 41. R1d2 Qb1 42. f4 e5 43. R2d6 exf4 44. Re8 f3+ 45. Bxf3 Ne4 46. Bxe4
fxe4 47. Re7+ Kf8 48. Rc7 Ke8 49. Rxh6 Qb2+ 50. Kh3 Qe5 51. Kg4 e3 52. Rh5 Qd4+
53. Kh3 e2 54. Rhh7 e1=Q 55. Rc8+ Qd8 56. Rh8+ Kf7 57. Rhxd8 Qe6+ 58. Kh4 Qe7+
59. Kg4 Qe4+ 60. Kg5 Qe5+ 61. Kg4 1/2-1/2

[Event "Manhem IM Swiss"]
[Site "?"]
[Date "1999.06.14"]
[Round "3"]
[White "Christensen, Tobias"]
[Black "Olausson, Claes-Goeran"]
[Result "0-1"]
[WhiteElo "2370"]
[BlackElo "2243"]
[PlyCount "78"]
[EventDate "1999.06.12"]
[EventRounds "9"]

1. c4 c6 2. e4 d5 3. exd5 cxd5 4. cxd5 Nf6 5. Nc3 Nxd5 6. Bc4 e6 7. Nge2 Nb6 8.
Bb3 Nc6 9. d4 Be7 10. O-O O-O 11. Be3 Nb4 12. Nf4 Bd7 13. Rc1 Bc6 14. Qh5 g6
15. Qh3 N4d5 16. Nd3 Bf6 17. Ne4 Bb5 18. Rfd1 Nxe3 19. Nxf6+ Qxf6 20. fxe3 Rac8
21. Rxc8 Rxc8 22. Nc5 Bc4 23. Bxc4 Nxc4 24. b3 Nd6 25. Rf1 Qg5 26. Nxe6 fxe6
27. Qxe6+ Kg7 28. h4 Qd8 29. e4 Rc7 30. d5 Nf7 31. h5 Qe7 32. Qg4 Ne5 33. Qf4
gxh5 34. Qg3+ Kh8 35. Rf5 Rc1+ 36. Rf1 Qc5+ 37. Kh2 Ng4+ 38. Kh3 Rxf1 39. Qb8+
Rf8 0-1

[Event "Manhem IM Swiss"]
[Site "?"]
[Date "1999.06.14"]
[Round "3"]
[White "Leer-Salvesen, Bjarte"]
[Black "Sammalvuo, Tapani"]
[Result "1/2-1/2"]
[WhiteElo "2255"]
[BlackElo "2413"]
[PlyCount "47"]
[EventDate "1999.06.12"]
[EventRounds "9"]

1. c4 Nf6 2. g3 e6 3. Bg2 d5 4. Nf3 Be7 5. O-O O-O 6. d4 dxc4 7. Qc2 a6 8. a4
Bd7 9. Ne5 Bc6 10. Nxc6 Nxc6 11. e3 Na5 12. Nd2 c5 13. dxc5 Rc8 14. b4 cxb3 15.
Nxb3 Nc6 16. Ba3 Rc7 17. Rfd1 Qb8 18. Nd4 Nd8 19. Rd3 Nd7 20. Rc3 Ne5 21. c6
Bxa3 22. Raxa3 Nexc6 23. Nxc6 Nxc6 24. Bxc6 1/2-1/2

[Event "Manhem IM Swiss"]
[Site "?"]
[Date "1999.06.14"]
[Round "3"]
[White "Bekker-Jensen, Simon"]
[Black "Gullaksen, Eirik"]
[Result "1/2-1/2"]
[WhiteElo "2360"]
[BlackElo "2367"]
[PlyCount "43"]
[EventDate "1999.06.12"]
[EventRounds "9"]

1. d4 Nf6 2. c4 g6 3. Nc3 Bg7 4. e4 d6 5. Be2 O-O 6. Bg5 Na6 7. Qd2 e5 8. d5
Qe8 9. Bd3 Nh5 10. Nge2 f5 11. f3 Bd7 12. O-O-O Nc5 13. Bc2 a5 14. exf5 Bxf5
15. Ng3 Nxg3 16. hxg3 a4 17. Ne4 Bxe4 18. Bxe4 Nxe4 19. fxe4 Qd7 20. Qe2 Rf7
21. Be3 c5 22. Rhf1 1/2-1/2